00346nam a2200157Ia 4500008004000000041000800040082001200048100001700060245003000077260003500107650000900142650000900151650001100160650000900171650000800180210210b1909 xxu||||| |||| 00| 0 eng d aeng a821/197 aDATTA (Roby) aEchoes from east and west aCambridgebNot Mentionedc1909 awest afrom aEchoes aeast aand